000 01065nam a22002777a 4500
003 CHAP
005 20220329140649.0
008 971013s1913 r 00010 d
010 _a55612
011 _a56584
035 _a60737
040 _cCHAP
082 _a972.6
_bA1 1912
100 0 0 _aYucatán. Gobernador.
_9123329
245 _aMensaje leído por el gobernador constitucional del estado, C. Nicolás Cámara Vales, ante el congreso local, el día 1o. de nero de 1913, año inaugurar la mencionada Cámara su actual período de sesiones ordinarias, y contestación del presidente de
260 _aMérida :
_bImprenta Oficial del Gobierno del Estado,
_c1913
300 _a22 p.
590 _aBATCH-UPD
_b10
_c20130110
_lUCH01
_h0742
590 _aBATCH-UPD
_b10
_c20130410
_lUCH01
_h0423
590 _aBATCH-UPD
_b10
_c20130914
_lUCH01
_h2111
590 _aCONVERSION
_b10
_c20130109
_lUCH01
_h1330
650 1 4 _aYucatán
_xPolítica y gobierno.
_9123327
901 _aBK
942 _cLIBRO
949 _a972.6 A1 1912
_bBC
_cBPP
_d-130718
_eBPP
_h25901
_i60737
_si
999 _c55612
_d55612